LEADER 04494nam 22006615 450 001 9910913784003321 005 20260225094846.0 010 $a9783031652622 010 $a3031652622 024 7 $a10.1007/978-3-031-65262-2 035 $a(CKB)36702092700041 035 $a(MiAaPQ)EBC31807795 035 $a(Au-PeEL)EBL31807795 035 $a(DE-He213)978-3-031-65262-2 035 $a(OCoLC)1478701125 035 $a(EXLCZ)9936702092700041 100 $a20241130d2024 u| 0 101 0 $aeng 135 $aur||||||||||| 181 $ctxt$2rdacontent 182 $cc$2rdamedia 183 $acr$2rdacarrier 200 14$aThe Friction of Life $eAn investigation on Renato Caccioppoli's life /$fby Lorenza Foschini 205 $a1st ed. 2024. 210 1$aCham :$cSpringer Nature Switzerland :$cImprint: Springer,$d2024. 215 $a1 online resource (153 pages) 225 0 $aMathematics and Statistics Series 311 08$a9783031652615 311 08$a3031652614 327 $aIntroduction. Family memories -- Teatro San Carlo. October 1958 -- Chiaia. Winter 1958 -- Renato?s ?grandfather?. 1869 -- Salon Offritelli. 1923 -- Et velum scissum est. 1925-1930 -- Salon Del Re. 1930 -- Padua. 1931-1934 -- Inert as life is. 1933 -- Homecoming. 1934 -- Salon Benzoni. August 1937 -- State Archives ? Rome. 2020 -- Taking the cockerel for a walk. 1936 -- State Archives ? Rome. 2020 -- Caffč Vacca. 1936 -- Ettore Majorana. 1938 -- How to dispel a myth. October 23, 1938 -- From Capodimonte to Capodichino. 24 October-30 November 1938 -- Renato gets married. June 29, 1939 -- Ovaloids of assigned metric. May 1939 -- Mikhail?s papers set ablaze. September 12, 1943 -- Mario Alicata. 1944 -- Salon Caccioppoli. 1945 -- Salon Kosagovskaya. 1949 -- Salon d?Avalos. 1950 -- The beginning of the end. 1946-1949 -- Whispers and cries. 1950 -- On his trail. 2020 -- The exams. 1950-1952 -- The battleship Potemkin. 1952 -- Words and life. 1951-1952 -- A pure spirit. 1951-1952 -- Women. 1954-1956 -- Trafficker in ideas. 1953-1956 -- Francesca Spada. 1957 -- Giovanni Ansaldo. 1957 -- The inane attempt at seriousness. 1958 -- Wanda Monaco. 2020 -- Pucundria. 1958 -- Caccioppoli?s apartment. 1958 -- The two photographs. 1958 -- The friction of life. October 1958 -- Caflisch. April 1959 -- How beautiful a? Muntagna is tonight. April 1959 -- What no one knows. May 8, 1959 -- What everyone knows. May 8, 1959 -- Truly orphans. May 9, 1959 -- Conclusion. Family considerations. 330 $aNaples, May 8, 1959. Renato Caccioppoli, a mathematical genius, prodigious pianist, captivating storyteller, highly cultured and multilingual, believed to be the grandson of the anarchist movement founder Mikhail Bakunin, takes his own life by shooting himself in the back of the head in his residence at Palazzo Cellammare. Adored by students and colleagues, a symbol of freedom and non-conformity for an entire generation, Caccioppoli enchanted not only some of the most celebrated intellectuals of the century ? André Gide, Pablo Neruda, Eduardo De Filippo, Benedetto Croce, Alberto Moravia, Elsa Morante ? but also, and above all, the people of Naples, who have always regarded him with amazed admiration. Persecuted by the fascist regime, afflicted by what the writer and friend Paola Masino would describe as "the friction of life," his death permanently places him in the city's history. This meticulous and well-documented investigation tells us who Caccioppoli truly was and offers us an un-stereotyped and, in some ways, unprecedented portrayal of a legendary Naples. 606 $aMathematics 606 $aHistory 606 $aMathematics in Popular Science 606 $aGeneral Mathematics 606 $aMathematics 606 $aHistory of Mathematical Sciences 606 $aMatemātics$2thub 607 $aItālia$2thub 608 $aBiografies$2thub 608 $aLlibres electrōnics$2thub 615 0$aMathematics. 615 0$aHistory. 615 14$aMathematics in Popular Science. 615 24$aGeneral Mathematics. 615 24$aMathematics. 615 24$aHistory of Mathematical Sciences. 615 7$aMatemātics 676 $a510.92 700 $aFoschini$b Lorenza$0760007 701 $aMcEwen$b Alastair$01777352 801 0$bMiAaPQ 801 1$bMiAaPQ 801 2$bMiAaPQ 906 $aBOOK 912 $a9910913784003321 996 $aThe Friction of Life$94298165 997 $aUNINA